BIBLIOTHÈQUE DE LA MAISON DU MEXIQUE

Logo 1 Logo 2

Análisis e interpretación del poema lírico (notice nᵒ 526)

détails MARC
000 -Sello discográfico
campo de control de longitud fija 00962nam a2200301 4500
005 - Identificación de versión
campo de control 20251016082252.0
010 ## - Número Estándar Internacional de Libros (ISBN)
Número (ISBN) 968-36-0437-4
035 ## - Otros números de control del sistema
Número de control del sistema 18937
099 ## - fechas locales
Tipo de ítem Koha LIBRO
100 ## - Datos de procesamiento general
Datos de procesamiento general 19950901d1989 m y1spay5003 ba
105 ## - Campo de datos codificados: Material textual, monográfico
Datos codificados de monografía y 001gy
200 1# - Título y mención de responsabilidad
Título propio Análisis e interpretación del poema lírico
Designación general del material texto impreso
Primer mención de responsabilidad Helena Beristáin
205 ## - Declaración de edición
Declaración de edición 1a ed
210 ## - Publicación, distribución, etc.
Lugar de publicación, distribución, etc. México
Nombre del editor, distribuidor, etc. Universidad Nacional Autónoma de México, Instituto de Investigaciones Filológicas
Fecha de publicación, distribución, etc. 1989
215 ## - Descripción física
Designación de material específico y extensión del ítem 180 p
Dimensiones 21 cm
345 ## - Nota de información de adquisición
Fuente de adquisición/dirección de la suscripción [OBSOLETO] Donación de la UNAM
410 #1 - Series
Título Cuadernos del Seminario de Poética
Número de volumen 12
606 ## - Término temático usado como materia
Elemento de entrada Poesía lírica
Subdivisión temática Historia y crítica
Número Koha 1528
660 ## - Código de área geográfica
Código MX
700 ## - Nombre personal - Responsabilidad primaria
Elemento de entrada Beristáin Díaz
Parte del nombre distinta del elemento de entrada Helena
Fechas 1927-2013
Número Koha 1529
801 #0 - Fuente de origen
Agencia cm
900 ## -
-- 1/11894
900 ## -
-- 71095803\\\010995
942 ## - ELEMENTOS DE ENTRADA SECUNDARIOS (KOHA)
Tipo de ítem Koha Livre
996 ## -
-- MEX
-- 751145101
-- MMAG
-- 002365
-- 808.1 B511A
-- 20200817LIV
Exemplaires
Estatus retirado Estado de daño Estado de pérdida Fecha de adquisición Biblioteca de origen Biblioteca actual Ubicación en estantería Código de barras Precio de reemplazo Signatura topográfica completa No para préstamo Tipo de ítem Koha Nota pública Nota no pública
      05/08/2025 Casa México Paris Casa México Paris   002365 05/08/2025 808.1 B511A   Livre 20200817LIV 751145101